| 000 | 01080nam a2200301 i 4500 | ||
|---|---|---|---|
| 003 | DO-SdBNP | ||
| 005 | 20260417141057.0 | ||
| 007 | ta | ||
| 008 | 260417b2019 sp a|||| |||| 00| 0 spa d | ||
| 020 | _a9788409018024 | ||
| 040 |
_aDO-SdBNP _bspa _cBNPHU _erda |
||
| 041 | _aspa | ||
| 082 | 4 |
_axxx _bxxx _222 |
|
| 245 | 0 | 0 |
_aAntología : _bcantos a Lorca / _cdirección, Daniel Tejada ; prólogo, Mateo Morrison ; corrección, Rosa Silverio |
| 250 | _asegunda edición | ||
| 264 | 4 |
_aSanto Domingo : _bEdiciones ACUDEBI; _bEditorial Solenodonte, _c©2019. |
|
| 300 |
_a115 páginas : _bretratos ; _c21 cm. |
||
| 336 |
_atexto _btxt _2rdacontent |
||
| 337 |
_asin mediación _bn _2rdamedia |
||
| 338 |
_avolumen _bnc _2rdacarrier |
||
| 500 | _aEscritores dominicanos en el 120 aniversario de su nacimiento 1898-2018. Año de Lorca | ||
| 590 | _aInventariado, 2026/BT | ||
| 700 | 1 |
_aTejada, Daniel, _edirector _4dir. _976233 |
|
| 700 | 1 |
_aMorrison, Mateo, _eprologuista _4pr. _979661 |
|
| 700 | 1 |
_aSilverio, Rosa, _ecorrector _4corr. _914892 |
|
| 910 | _aBtavárez | ||
| 942 |
_2ddc _cLBS1 |
||
| 999 |
_c60575 _d60575 |
||